000 00895nam a22001937a 4500
005 20241211121703.0
010 _aB-761401
020 _a9788196231262
_c250.00
035 _aB-761401
037 _bउपहार
082 _a821
100 _aचमोला, दिनेश "शैलेश"
_974961
245 _aपापा ! जब मैं बड़ा बनूंगा /
_cदिनेश चमोला, "शैलेश"
260 _aदेहरादून
_bअनन्य प्रकाशन
_c2023
270 _aई-17, पंचशील गार्डन, नवीन शाहदरा,
_bदिल्ली
_e110032
300 _a110पृ.
_c22सेमी (सजिल्द)
_bसचित्र
942 _2ddc
_cCH
_h 821
_mचमोला
999 _c207569
_d207569